000 00257nam a2200097Ia 4500
001 652816
005 20250826154445.0
008 250824s9999 xx 000 0 und d
245 0 _aVENEDİK TACİRİ ANTİK
_cSHAKESPEARE
260 _bANTİK DÜNYA KLASİKLERİ
999 _c652816
_d652816